CYTOLOGIA (Record no. 4302)

MARC details
000 -LEADER
fixed length control field 00342nam a2200133Ia 4500
022 ## - INTERNATIONAL STANDARD SERIAL NUMBER
ISSN 0011-4545
245 #0 - TITLE STATEMENT
Title CYTOLOGIA
260 ## - PUBLICATION, DISTRIBUTION, ETC. (IMPRINT)
Name of publisher Japan Mendel Society, Tokyo
Place of publication Japan
310 ## - CURRENT PUBLICATION FREQUENCY
Current publication frequency Q
500 ## - GENERAL NOTE
General note Ending Volume & Year: 65, 2000
500 ## - GENERAL NOTE
General note Starting Volume & Year: 34, 1969
942 ## - ADDED ENTRY ELEMENTS (KOHA)
Koha item type Bound Journal
Holdings
Withdrawn status Lost status Damaged status Not for loan Home library Current library Date acquired Accession Number Koha item type
      Bound journals RRII Library RRII Library 31/12/2021 04277J Bound Journal